00523nam a22001697a 4500003000900000008004100009040007100050082002400121100001800145245003900163260004600202300002800248440003000276505001100306650002500317650001100342AR-CdUCM190329b ||||| |||| 00| 0 spa d aMUNICIPALIDAD PROVINCIAL DEL CUSCOcBIBLIOTECA MUNICIPAL DEL CUSCO a868.5 /bV16 / 1940 aValera , Juan aEl comendador Mendoza :bnovela /  aBuenos Aires :bSopena Argentina, c1940. a159 páginas ;c22 cm. aBiblioteca mundial Sopena aNovela aLiteratura Argentina aNovela